000 00294nam a22001337a 4500
008 170801b xxu||||| |||| 00| 0 eng d
020 _a0444819894
041 _aeng
080 _a004
100 _a32
101 _aSHKI
245 _aTECHNOLOGY AND FOUNDATIONS
_cPEHRSON, B
942 _2udc
_cBK
999 _c22402
_d22402